All Harry Styles' Songs - Statistics

General Stats
  • This quiz has been taken 592 times
  • The average score is 20 of 22
Answer Stats
Song Name % Correct
Watermelon Sugar
98%
Adore You
97%
Fine Line
96%
Golden
96%
Kiwi
96%
Sign of the Times
96%
Cherry
94%
Falling
93%
Meet Me in the Hallway
92%
She
92%
Treat People With Kindness
92%
From the Dining Table
91%
Two Ghosts
91%
Carolina
90%
Lights Up
90%
Canyon Moon
89%
Ever Since New York
89%
Sunflower, Vol 6
89%
Sweet Creature
89%
Woman
89%
Only Angel
85%
To Be So Lonely
84%
No matching quizzes found
Score Distribution
Percent of People with Each Score
Percentile by Number Answered
Your Score History
You have not taken this quiz